000 00822nam a2200277Ia 4500
001 Para_8360
003 CHAP
008 220125s9999 xx 000 0 und d
010 _a207222
040 _cCHAP
082 _aPA-C 595.752 A6
100 _aHillman, F.H.
245 _aThe wooly aphis of the apple /
_c by F.H. Hillman
260 _aReno, Nev. :
_b University of Nevada agricultural Experiment Station
300 _a8 p.
440 _aAphidae; 13 Bulletin; 17
_9173760
500 _aEncuadernado con otros impresos similares
650 _a
_x Afididos
_x Colecciones de escritos
_x Eriosoma lanigerum
_9173718
901 _aPA-C 595.752 A6
902 _aA
905 _a000000 0000000000 00
910 _a
942 _cPARA
942 _cPARA
_d1
999 _c207222
_d207222